Mariano Marcos State University

University Library System

Comparative study of biodegradable plastic produced using cadena de amor, cassava, sweet potato and taro as an additive (Record no. 9555)

MARC details
000 -LEADER
fixed length control field 00615nam a22001577a 4500
003 - CONTROL NUMBER IDENTIFIER
control field OSt
005 - DATE AND TIME OF LATEST TRANSACTION
control field 20171010095442.0
008 - FIXED-LENGTH DATA ELEMENTS--GENERAL INFORMATION
fixed length control field 120613t xxu||||| |||| 00| 0 eng d
040 ## - CATALOGING SOURCE
Original cataloging agency MMSU
Transcribing agency ULS
100 ## - MAIN ENTRY--PERSONAL NAME
Personal name Cabacungan, Kathleen A.
9 (RLIN) 10256
245 ## - TITLE STATEMENT
Title Comparative study of biodegradable plastic produced using cadena de amor, cassava, sweet potato and taro as an additive
Statement of responsibility, etc. Kathleen A. Cabacungan
300 ## - PHYSICAL DESCRIPTION
Extent ix, 38 leaves
Dimensions 28 cm.
500 ## - GENERAL NOTE
General note Thesis (BS Chemical Engineering) -- Mariano Marcos State University-College of Engineering, Batac City
504 ## - BIBLIOGRAPHY, ETC. NOTE
Bibliography, etc. note Bibliography: leaves 29-30
942 ## - ADDED ENTRY ELEMENTS (KOHA)
Source of classification or shelving scheme
Koha item type Thesis/Dissertation
Holdings
Withdrawn status Lost status Source of classification or shelving scheme Damaged status Not for loan Home library Current library Date acquired Total Checkouts Barcode Date last seen Price effective from Koha item type Public note
          REF REF 06/13/2012   3363-Un 10/10/2017 10/10/2017 Thesis/Dissertation Library Use only

© 2023 Mariano Marcos State University. All Rights Reserved.

Powered by Koha